Kleines Theologisches Wortherbuch Small Theological Dictionary (Record no. 227493)
[ view plain ]
| 000 -LEADER | |
|---|---|
| fixed length control field | 00669nam a22002297a 4500 |
| 005 - DATE AND TIME OF LATEST TRANSACTION | |
| control field | 20230615105731.0 |
| 008 - FIXED-LENGTH DATA ELEMENTS--GENERAL INFORMATION | |
| fixed length control field | 230612b ||||| |||| 00| 0 eng d |
| 040 ## - CATALOGING SOURCE | |
| Transcribing agency | AL |
| 041 ## - LANGUAGE CODE | |
| Language code of text/sound track or separate title | German |
| 082 ## - DEWEY DECIMAL CLASSIFICATION NUMBER | |
| Edition number | 23 |
| Classification number | 220.3 |
| Item number | RAHK |
| 100 ## - MAIN ENTRY--PERSONAL NAME | |
| Personal name | Karl Rahner and others |
| 100 ## - MAIN ENTRY--PERSONAL NAME | |
| 9 (RLIN) | 124007 |
| 245 ## - TITLE STATEMENT | |
| Title | Kleines Theologisches Wortherbuch Small Theological Dictionary |
| 260 ## - PUBLICATION, DISTRIBUTION, ETC. | |
| Place of publication, distribution, etc. | Bucherei |
| Name of publisher, distributor, etc. | Herder |
| Date of publication, distribution, etc. | 1965 |
| 300 ## - PHYSICAL DESCRIPTION | |
| Extent | 397 p. |
| Other physical details | PB |
| Dimensions | 18x10.7 cm. |
| 650 ## - SUBJECT ADDED ENTRY--TOPICAL TERM | |
| Topical term or geographic name entry element | Theology |
| 9 (RLIN) | 123624 |
| 650 ## - SUBJECT ADDED ENTRY--TOPICAL TERM | |
| Topical term or geographic name entry element | Catholic Church |
| 9 (RLIN) | 123625 |
| 650 ## - SUBJECT ADDED ENTRY--TOPICAL TERM | |
| Topical term or geographic name entry element | Religion |
| 9 (RLIN) | 124008 |
| 650 ## - SUBJECT ADDED ENTRY--TOPICAL TERM | |
| Topical term or geographic name entry element | Christanity |
| 9 (RLIN) | 124009 |
| 700 ## - ADDED ENTRY--PERSONAL NAME | |
| Personal name | RAHNER (Karl) |
| 9 (RLIN) | 123626 |
| 700 ## - ADDED ENTRY--PERSONAL NAME | |
| Personal name | VORGRIMLER (Herbert) |
| 9 (RLIN) | 123627 |
| 942 ## - ADDED ENTRY ELEMENTS (KOHA) | |
| Source of classification or shelving scheme | Dewey Decimal Classification |
| Koha item type | Donated Books |
| Withdrawn status | Lost status | Source of classification or shelving scheme | Damaged status | Not for loan | Collection code | Home library | Current library | Date acquired | Total Checkouts | Full call number | Barcode | Date last seen | Price effective from | Koha item type | Public note |
|---|---|---|---|---|---|---|---|---|---|---|---|---|---|---|---|
| Dewey Decimal Classification | Others | St Aloysius Library | St Aloysius Library | 06/08/2023 | 220.3 RAHK | D05756 | 06/12/2023 | 06/12/2023 | Donated Books | Donated by Fr.Leo Dsouza SJ |